000 00817nam0a22002531 4500
001 rc\737816
005 20260405142228.0
035 _a(NLR Aleph) 006267615
090 _a6915064
_c6915064
100 _a20040301d1985 |||y0rusy50 ca
101 0 _arus
102 _aRU
105 _aa |||||||||
200 1 _aПамятники земли брянской
210 _aТула
_cПриок. кн. изд-во
_d1985
215 _a125 с., 8 л. ил.
_d19
700 1 _aРусанов
_bР.В.
_gРоман Владимирович
701 1 _8rus
_7ca
_aСоколов
_bЯ. Д.
_cканд. ист. наук
_f1927-
_gЯков Дмитриевич
_3RU\NLR\AUTH\7758197
_941129
801 0 _aRU
_bNLR
_gpsbo
801 1 _aRU
_bELAR
_2rusmarc
852 _aNLR
_j85-3/13321
942 _cBOOK
980 _aNB